B.Sc. practical physics : (Record no. 3816)

MARC details
000 -LEADER
fixed length control field 01102nac a22002771i 4500
003 - CONTROL NUMBER IDENTIFIER
control field EG-ScBUE
005 - DATE AND TIME OF LATEST TRANSACTION
control field 20250317092931.0
008 - FIXED-LENGTH DATA ELEMENTS--GENERAL INFORMATION
fixed length control field 250305s2004 ii a f 000 0 eng d
020 ## - INTERNATIONAL STANDARD BOOK NUMBER
International Standard Book Number 8121909090
020 ## - INTERNATIONAL STANDARD BOOK NUMBER
International Standard Book Number 9788121909099
040 ## - CATALOGING SOURCE
Original cataloging agency EG-ScBUE
Language of cataloging eng
Description conventions rda
Transcribing agency EG-ScBUE
Modifying agency EG-ScBUE
082 04 - DEWEY DECIMAL CLASSIFICATION NUMBER
Classification number 530.028
Item number ARO
Edition number 22
100 1# - MAIN ENTRY--PERSONAL NAME
Personal name Arora, C. L.,
Relator term author.
245 10 - TITLE STATEMENT
Title B.Sc. practical physics :
Remainder of title for B.Sc. (pass & hons.) students of all Indian Universities /
Statement of responsibility, etc C.L. Arora, formerly principal, D.A.V. College, Jalandhar and dean of Colleges, Guru Nanak Dev University, Amristar.
250 ## - EDITION STATEMENT
Edition statement Thoroughly revised and enlarged twentieth edition.
264 #1 - PUBLICATION, DISTRIBUTION, ETC. (IMPRINT)
Place of publication, distribution, etc Ram Nagar, New Delhi :
Name of publisher, distributor, etc S. Chand & Company LTD.,
Date of publication, distribution, etc 2004.
300 ## - PHYSICAL DESCRIPTION
Extent xiv, 609 pages :
Other physical details illustrations ;
Dimensions 20 cm
336 ## - CONTENT TYPE
Source rdacontent
Content type term text
Content type code txt
337 ## - MEDIA TYPE
Media type term unmediated
Source rdamedia
Media type code n
338 ## - CARRIER TYPE
Carrier type term volume
Carrier type code nc
Source rdacarrier
521 ## - TARGET AUDIENCE NOTE
Target audience note For B.Sc. (pass & hons.) students of all Indian universities.
650 #7 - SUBJECT ADDED ENTRY--TOPICAL TERM
Topical term or geographic name as entry element Physics
General subdivision Experiments.
Source of heading or term BUEsh
650 #7 - SUBJECT ADDED ENTRY--TOPICAL TERM
Topical term or geographic name as entry element Physics
General subdivision Methodology.
Source of heading or term BUEsh
655 ## - INDEX TERM--GENRE/FORM
Form subdivision Reading book
942 ## - ADDED ENTRY ELEMENTS (KOHA)
Koha item type Book - Borrowing
Source of classification or shelving scheme Dewey Decimal Classification
Holdings
Withdrawn status Lost status Source of classification or shelving scheme Damaged status Not for loan Collection code Home library Current library Shelving location Date acquired Source of acquisition Total Checkouts Full call number Barcode Date last seen Koha item type
    Dewey Decimal Classification     Baccah Central Library Central Library First floor 05/07/2007 Purchase 1 530.028 ARO 000030224 15/07/2025 Book - Borrowing